[Event "Sri Lanka Women's National B Chess Championship 20"]
[Site "SLIIT, Malabe"]
[Date "2015.05.19"]
[Round "2"]
[Board "8"]
[White "Tharushi, T H D Niklesha"]
[Black "Thuduwage, Yasasirini Pabasara"]
[Result "1-0"]
[WhiteElo "1508"]
[BlackElo "1373"]
[PlyCount "105"]
[EventDate "2015.05.19"]
[EventRounds "10"]
[EventCountry "SRI"]

1. d4 Nf6 2. c4 g6 3. Nc3 Bg7 4. e4 d6 5. Be2 O-O 6. Nf3 e5 7. O-O Nbd7 8. Be3
Ng4 9. Bg5 f6 10. Bd2 Nb6 11. Qc1 f5 12. d5 f4 13. b4 g5 14. c5 Nd7 15. c6 bxc6
16. dxc6 Nb6 17. a4 Be6 18. a5 Nc4 19. Be1 Nh6 20. Na4 d5 21. exd5 Qxd5 22.
Nxg5 Nd6 23. Nc3 Qxc6 24. Nxe6 Rf6 25. Bf3 e4 26. Nxe4 Qxc1 27. Nxf6+ Bxf6 28.
Rxc1 Rc8 29. Nxf4 Bg5 30. Bd2 Ndf5 31. Rc5 Rd8 32. Ne6 Rxd2 33. Nxg5 Nd4 34.
Rxc7 Ne2+ 35. Bxe2 Rxe2 36. Rd1 Re8 37. Nxh7 Ng4 38. h3 Kh8 39. hxg4 a6 40. Nf6
Re1+ 41. Kh2 Rh1+ 42. Kg3 Rh3+ 43. Kf4 Rf3+ 44. Kg5 Rf5+ 45. Kg6 Rg5+ 46. Kf7
Rg7+ 47. Ke6 Rxc7 48. Rd8+ Kg7 49. Ne8+ Kg6 50. Nxc7 Kg7 51. Kf5 Kh6 52. Kf6
Kh7 53. Nxa6 1-0

[Event "Sri Lanka Women's National B Chess Championship 20"]
[Site "SLIIT, Malabe"]
[Date "2015.05.19"]
[Round "2"]
[Board "10"]
[White "Tennakoonwela, Pamudie Sasankh"]
[Black "Pasqual, Anuki"]
[Result "1/2-1/2"]
[WhiteElo "1377"]
[BlackElo "1423"]
[PlyCount "49"]
[EventDate "2015.05.19"]
[EventRounds "10"]
[EventCountry "SRI"]

1. d4 Nf6 2. Nf3 g6 3. c4 Bg7 4. Nc3 O-O 5. e4 d6 6. h3 Nc6 7. Be3 e5 8. d5 Ne7
9. Be2 Ne8 10. Nd2 f5 11. f3 f4 12. Bf2 g5 13. Qc2 Bd7 14. a3 h5 15. b4 h4 16.
Nb3 a6 17. c5 Nf6 18. Na5 Rb8 19. Rc1 Nh5 20. Bc4 Kh8 21. Qd2 Ng3 22. Rg1 b6
23. Nb3 b5 24. Bd3 Be8 25. c6 1/2-1/2

[Event "Sri Lanka Women's National B Chess Championship 20"]
[Site "SLIIT, Malabe"]
[Date "2015.05.19"]
[Round "2"]
[Board "11"]
[White "Rajapaksa, Miyuni Kavinya"]
[Black "Askey, Roshell Nathasha"]
[Result "1-0"]
[WhiteElo "1583"]
[BlackElo "1637"]
[PlyCount "91"]
[EventDate "2015.05.19"]
[EventRounds "10"]
[EventCountry "SRI"]

1. e4 e6 2. d4 d5 3. Nc3 Bb4 4. e5 Ne7 5. a3 Bxc3+ 6. bxc3 c5 7. Qg4 Ng6 8. h4
h5 9. Qg3 c4 10. Nf3 Qa5 11. Ng5 Nc6 12. Bd2 Nce7 13. Qf3 Nf5 14. g3 Qc7 15.
Bh3 Qd7 16. O-O Nge7 17. Rfe1 b6 18. a4 Qc6 19. Bc1 Qc7 20. Ba3 g6 21. Bd6 Qd7
22. a5 b5 23. a6 Nxd6 24. exd6 Nf5 25. Bxf5 gxf5 26. Qxd5 Rb8 27. Qxf5 Rb6 28.
Qf6 Rf8 29. Ne4 Bxa6 30. Qg5 f5 31. Nf6+ Rxf6 32. Qxf6 Rxd6 33. Qxf5 Bb7 34.
Qxh5+ Kd8 35. Rxa7 Qc6 36. f3 Qb6 37. Raa1 b4 38. Rab1 b3 39. cxb3 cxb3 40. Qc5
Qa6 41. Rxb3 Kd7 42. Qh5 Bd5 43. Rb4 Qd3 44. Qf7+ Kc8 45. Qa7 Qxf3 46. Rb8# 1-0

[Event "Sri Lanka Women's National B Chess Championship 20"]
[Site "SLIIT, Malabe"]
[Date "2015.05.19"]
[Round "2"]
[Board "12"]
[White "Hewawasam, Nevanjee Dimanya"]
[Black "Gamage, Nethmi Nirasha"]
[Result "0-1"]
[WhiteElo "1277"]
[BlackElo "1514"]
[PlyCount "164"]
[EventDate "2015.05.19"]
[EventRounds "10"]
[EventCountry "SRI"]

1. e4 e6 2. d4 d5 3. Nc3 Bb4 4. e5 c5 5. a3 Bxc3+ 6. bxc3 Qc7 7. Nf3 Ne7 8. Be2
Nbc6 9. O-O Bd7 10. Qd2 c4 11. Nh4 O-O-O 12. a4 Rdg8 13. Ba3 g5 14. Bd6 Qd8 15.
Nf3 Nf5 16. Qc1 Nxd6 17. exd6 f6 18. Qa3 h5 19. Rfb1 Kb8 20. a5 h4 21. Rb2 g4
22. Ne1 f5 23. Qc5 f4 24. Qb5 Qc8 25. Rab1 Nd8 26. Qc5 f3 27. Bf1 Qxc5 28. dxc5
Bc6 29. a6 Rg7 30. Kh1 fxg2+ 31. Nxg2 h3 32. Nf4 d4+ 33. Kg1 dxc3 34. Rb4 Rf8
35. Rxc4 e5 36. Nh5 Rg5 37. Ng3 Ne6 38. Rxc3 Nd4 39. Be2 Nxe2+ 40. Nxe2 Rgf5
41. Rf1 Bg2 42. Ng3 R5f7 43. Re1 Rxf2 44. d7 Kc7 45. Rd3 Kd8 46. axb7 Bxb7 47.
Re2 R2f7 48. Rxe5 Rxd7 49. Rxd7+ Kxd7 50. Rg5 Rf4 51. Nh5 Rc4 52. Nf6+ Kc6 53.
Nxg4 Rxc5 54. Ne5+ Kb5 55. c4+ Ka4 56. Rg7 Rxe5 57. Rxb7 a5 58. Kf2 Rg5 59. Kf3
Rg2 60. c5 Rxh2 61. c6 Rc2 62. Kg3 Rxc6 63. Kxh3 Rc3+ 64. Kg4 Rb3 65. Rd7 Ka3
66. Kf4 a4 67. Ra7 Rb4+ 68. Ke3 Kb2 69. Kd2 a3 70. Rc7 a2 71. Rc2+ Ka3 72. Rc3+
Rb3 73. Rc1 Rb1 74. Rc3+ Kb4 75. Rc8 a1=Q 76. Rb8+ Kc5 77. Rc8+ Kd6 78. Rc3
Rd1+ 79. Ke2 Re1+ 80. Kf2 Qxc3 81. Kg2 Re2+ 82. Kf1 Qe1# 0-1

[Event "Sri Lanka Women's National B Chess Championship 20"]
[Site "SLIIT, Malabe"]
[Date "2015.05.19"]
[Round "2"]
[Board "13"]
[White "Jayaweera, Sayuni Gihansa"]
[Black "Herath, Sanduni"]
[Result "1-0"]
[WhiteElo "1437"]
[BlackElo "1225"]
[PlyCount "127"]
[EventDate "2015.05.19"]
[EventRounds "10"]
[EventCountry "SRI"]

1. d4 d5 2. c4 c6 3. Nf3 Nf6 4. g3 dxc4 5. Bg2 e6 6. O-O Bd6 7. Nbd2 b5 8. a4
Bb7 9. e4 Be7 10. Qc2 a6 11. b3 cxb3 12. Nxb3 O-O 13. Nc5 Bxc5 14. dxc5 Qe7 15.
Bf4 Rd8 16. Rfd1 Nbd7 17. Bd6 Qe8 18. a5 Rac8 19. Ne5 Nxe5 20. Bxe5 Rxd1+ 21.
Rxd1 Rd8 22. Bxf6 gxf6 23. Rd2 Rd7 24. Qd1 Rxd2 25. Qxd2 Qe7 26. Qc3 Qd8 27. e5
fxe5 28. Qxe5 Qd7 29. h4 Qd8 30. h5 Qe7 31. h6 f6 32. Qb8+ Kf7 33. Bf3 Kg6 34.
Qd6 Qxd6 35. cxd6 Kf7 36. Bh5+ Kf8 37. Bg6 Bc8 38. Bxh7 Bd7 39. Bg6 f5 40. Bh5
Kg8 41. f4 Kh7 42. Kf2 Kxh6 43. Bf3 Kg6 44. Ke3 c5 45. Bb7 b4 46. Bxa6 Bc6 47.
Kd3 Kf6 48. Bc4 Bd7 49. a6 Bc6 50. a7 Ba8 51. Bb3 Bc6 52. Kc4 Bd5+ 53. Kxc5
Bxb3 54. a8=Q Bd5 55. Qa7 Kg6 56. Kxb4 Kh5 57. d7 Kg4 58. d8=Q Kxg3 59. Qg5+
Kf3 60. Qa3+ Kf2 61. Qgg3+ Ke2 62. Qh2+ Bg2 63. Qxg2+ Ke1 64. Qc1# 1-0

[Event "Sri Lanka Women's National B Chess Championship 20"]
[Site "SLIIT, Malabe"]
[Date "2015.05.19"]
[Round "2"]
[Board "15"]
[White "Dissanayake, R K Janani"]
[Black "Wijesuriya, G P Y"]
[Result "1/2-1/2"]
[WhiteElo "1224"]
[BlackElo "1408"]
[PlyCount "130"]
[EventDate "2015.05.19"]
[EventRounds "10"]
[EventCountry "SRI"]

1. e4 e5 2. Nf3 Nc6 3. Bb5 a6 4. Ba4 Nf6 5. O-O Be7 6. Re1 b5 7. Bb3 O-O 8. d3
d6 9. h3 Na5 10. c4 Nxb3 11. axb3 Bd7 12. Nc3 c6 13. Be3 h6 14. d4 exd4 15.
Bxd4 b4 16. Na2 Nh7 17. e5 c5 18. exd6 Bxd6 19. Bxg7 Kxg7 20. Qxd6 Qc8 21. Re4
Bf5 22. Re5 Bc2 23. Rxc5 Qd8 24. Qg3+ Kh8 25. Rd5 Qf6 26. Qe5 Bxb3 27. Rd6 Qxe5
28. Nxe5 Kg7 29. Nxb4 f6 30. Ra3 fxe5 31. Rxb3 Rab8 32. Rg3+ Kh8 33. Nd3 Rfe8
34. Rxa6 e4 35. Nf4 Nf8 36. Rxh6+ Nh7 37. Ng6+ Kg7 38. Rh5 Nf6 39. Ne5+ Kf8 40.
Rf5 Ke7 41. Nc6+ Ke6 42. Re5+ Kd6 43. Rxe8 Rxe8 44. Rg6 Rf8 45. Nd4 Ke5 46. Ne2
Rb8 47. Rg5+ Kd6 48. c5+ Ke7 49. Nd4 Rxb2 50. Rg7+ Kd8 51. Ne6+ Kc8 52. c6 Rb1+
53. Kh2 Rc1 54. c7 Ne8 55. Rg4 Nd6 56. Rg8+ Kd7 57. Ng5 Kxc7 58. Rg7+ Kc6 59.
Ne6 Kd5 60. Nf4+ Ke5 61. Ne2 Rc2 62. Ng3 Rxf2 63. Rg5+ Kd4 64. Kg1 Rf6 65. Nf1
e3 1/2-1/2

[Event "Sri Lanka Women's National B Chess Championship 20"]
[Site "SLIIT, Malabe"]
[Date "2015.06.20"]
[Round "3"]
[Board "1"]
[White "Premanath, Dinushki"]
[Black "Tharushi, T H D Niklesha"]
[Result "1-0"]
[WhiteElo "1854"]
[BlackElo "1508"]
[PlyCount "73"]
[EventDate "2015.05.19"]
[EventRounds "10"]
[EventCountry "SRI"]

1. e4 c5 2. Nf3 d6 3. d4 cxd4 4. Nxd4 Nf6 5. Nc3 g6 6. Be3 Bg7 7. f3 Nc6 8. Qd2
O-O 9. Bc4 Bd7 10. h4 h5 11. O-O-O Rc8 12. Bb3 Ne5 13. Bg5 Rc5 14. Kb1 b5 15.
a3 a5 16. Nd5 Rxd5 17. exd5 Qb6 18. c3 Rb8 19. Rhe1 Nc4 20. Bxc4 bxc4 21. Rxe7
Nxd5 22. Rxd7 Bxd4 23. Rd8+ Rxd8 24. Bxd8 Nxc3+ 25. Qxc3 Qxd8 26. Qxd4 Qd7 27.
Qxc4 Qf5+ 28. Qc2 Qf6 29. Qc8+ Kh7 30. Qc3 Qxh4 31. Rxd6 Qh1+ 32. Ka2 Qxg2 33.
Rd8 Kh6 34. f4 f6 35. Qxf6 Qd5+ 36. Rxd5 h4 37. Qh8# 1-0

[Event "Sri Lanka Women's National B Chess Championship 20"]
[Site "SLIIT, Malabe"]
[Date "2015.06.20"]
[Round "3"]
[Board "2"]
[White "Wickramasinghe, Dilhara Ishini"]
[Black "Udagedara, Sandali Kanishka"]
[Result "1-0"]
[WhiteElo "1698"]
[BlackElo "1492"]
[PlyCount "52"]
[EventDate "2015.05.19"]
[EventRounds "10"]
[EventCountry "SRI"]

1. d4 Nf6 2. c4 c5 3. d5 b5 4. cxb5 a6 5. bxa6 Bxa6 6. Nc3 d6 7. Nf3 g6 8. g3
Bg7 9. Bg2 Nbd7 10. O-O O-O 11. Rb1 Qb6 12. b3 Rfb8 13. Qc2 Ne8 14. Bd2 Nc7 15.
Rfd1 Nb5 16. Nxb5 Bxb5 17. Be3 Qa6 18. Rd2 Nb6 19. h4 c4 20. Nd4 Bd7 21. b4 Rc8
22. b5 Qa5 23. Nc6 Bxc6 24. bxc6 Na4 25. Qxc4 Nc3 26. Rbb2 Nxa2 {(Unclear )}
 1-0

[Event "Sri Lanka Women's National B Chess Championship 20"]
[Site "SLIIT, Malabe"]
[Date "2015.06.20"]
[Round "3"]
[Board "3"]
[White "De Silva, Chamindra"]
[Black "Abeysinghe, H M H Janandani"]
[Result "1-0"]
[WhiteElo "1509"]
[BlackElo "1444"]
[PlyCount "51"]
[EventDate "2015.05.19"]
[EventRounds "10"]
[EventCountry "SRI"]

1. e4 c5 2. Nf3 d6 3. d4 cxd4 4. Nxd4 Nf6 5. Nc3 g6 6. Be3 Bg7 7. Bc4 Nc6 8. f3
Bd7 9. Qd2 O-O 10. g4 a6 11. h4 Rc8 12. Bb3 Ne5 13. Bh6 Qb6 14. O-O-O Nc4 15.
Bxc4 Rxc4 16. Bxg7 Kxg7 17. h5 Qc5 18. Nb3 Qc8 19. hxg6 fxg6 20. Qh6+ Kg8 21.
g5 Nh5 22. Rxh5 gxh5 23. g6 Rf7 24. gxf7+ Kxf7 25. Qxh7+ Ke8 26. Qg8# 1-0

[Event "Sri Lanka Women's National B Chess Championship 20"]
[Site "SLIIT, Malabe"]
[Date "2015.06.20"]
[Round "3"]
[Board "4"]
[White "Kodikara, K K M Sachintha"]
[Black "Saumy, Zainab"]
[Result "1-0"]
[WhiteElo "1474"]
[BlackElo "1510"]
[PlyCount "131"]
[EventDate "2015.05.19"]
[EventRounds "10"]
[EventCountry "SRI"]

1. Nf3 Nf6 2. g3 g6 3. Bg2 Bg7 4. d3 d5 5. O-O c6 6. Nbd2 Bf5 7. c4 O-O 8. Qb3
Qc7 9. cxd5 cxd5 10. Nd4 Bc8 11. Bxd5 Nxd5 12. Qxd5 Rd8 13. Nb5 Qb6 14. Qc4 Bh3
15. Nc7 Qc6 16. Qxc6 Nxc6 17. Nxa8 Bxf1 18. Kxf1 Rxa8 19. Nc4 Rc8 20. Rb1 b5
21. Ne3 Nd4 22. b3 Rc5 23. Ba3 Rh5 24. h4 e6 25. Rc1 h6 26. Ng2 Rd5 27. Ne1 Rd7
28. g4 Bf6 29. e3 Bxh4 30. exd4 Rxd4 31. Bc5 Rxg4 32. Bxa7 Bg5 33. Rc2 h5 34.
Nf3 Bf4 35. Bd4 Kf8 36. Bf6 Ke8 37. Ne5 Bxe5 38. Bxe5 g5 39. Rc5 f5 40. Rxb5 h4
41. Rb8+ Kf7 42. a4 f4 43. a5 h3 44. Rh8 Kg6 45. Rxh3 Kf5 46. d4 Rh4 47. Rxh4
gxh4 48. a6 h3 49. a7 h2 50. a8=Q Kg4 51. Qg2+ Kf5 52. Qxh2 Ke4 53. Qh7+ Kf3
54. Bxf4 Kxf4 55. b4 e5 56. dxe5 Kxe5 57. Qd3 Kf6 58. Qe4 Kg5 59. Qf3 Kg6 60.
Qf4 Kg7 61. Qf5 Kg8 62. Qd7 Kf8 63. b5 Kg8 64. b6 Kh8 65. b7 Kg8 66. b8=R# 1-0

[Event "Sri Lanka Women's National B Chess Championship 20"]
[Site "SLIIT, Malabe"]
[Date "2015.06.20"]
[Round "3"]
[Board "5"]
[White "Yapa Bandara, Chamodya"]
[Black "Udupitiya, U G S S S"]
[Result "0-1"]
[WhiteElo "1460"]
[BlackElo "1701"]
[PlyCount "86"]
[EventDate "2015.05.19"]
[EventRounds "10"]
[EventCountry "SRI"]

1. e4 c5 2. Nf3 d6 3. d4 cxd4 4. Nxd4 a6 5. Nc3 Nf6 6. Bg5 e6 7. f4 Be7 8. Qf3
Qc7 9. O-O-O Nbd7 10. g4 b5 11. Bg2 Bb7 12. Bxf6 Nxf6 13. g5 Nd7 14. a3 Nb6 15.
h4 O-O-O 16. h5 g6 17. Rd3 Kb8 18. Nd1 d5 19. Nf2 dxe4 20. Nxe4 Nd5 21. Ne2 Rc8
22. Rd2 b4 23. hxg6 hxg6 24. axb4 Bxb4 25. N2c3 Rxh1+ 26. Bxh1 Qa5 27. Kb1
Nxc3+ 28. bxc3 Bxc3 29. Qxc3 Rxc3 30. Nxc3 Bxh1 31. Rd3 Qb4+ 32. Ka1 Qxf4 33.
Na2 Bd5 34. Nc3 Qc1+ 35. Nb1 Qxc2 36. Ra3 e5 37. Rxa6 Qc4 38. Ra3 e4 39. Nc3 e3
40. Nxd5 Qxd5 41. Ra2 Qd1+ 42. Kb2 e2 43. Ka3 e1=Q 0-1

[Event "Sri Lanka Women's National B Chess Championship 20"]
[Site "SLIIT, Malabe"]
[Date "2015.06.20"]
[Round "3"]
[Board "6"]
[White "Rodrigo, T M Janudi"]
[Black "Ranasinghe, Thinithi Sahanika"]
[Result "0-1"]
[WhiteElo "1421"]
[BlackElo "1682"]
[PlyCount "100"]
[EventDate "2015.05.19"]
[EventRounds "10"]
[EventCountry "SRI"]

1. d4 d5 2. Bf4 Nf6 3. Nf3 c5 4. e3 Nc6 5. c3 Qb6 6. Qc1 c4 7. Nbd2 Nh5 8. Bg3
Qd8 9. Qd1 Nxg3 10. hxg3 h6 11. e4 e6 12. Qe2 Be7 13. e5 b5 14. a3 a5 15. b3
Ba6 16. bxc4 bxc4 17. Qd1 Rb8 18. Rb1 Rxb1 19. Nxb1 Qb6 20. Qc2 Kd7 21. Be2 Rb8
22. O-O Qb2 23. Qxb2 Rxb2 24. Re1 Ra2 25. Nfd2 Bxa3 26. Bf1 a4 27. Nf3 Na5 28.
Rd1 Nb3 29. Ne1 Be7 30. Nf3 a3 31. Nbd2 Nxd2 32. Nxd2 Rc2 33. Nf3 Rxc3 34. Ra1
Rc2 35. Ne1 Rb2 36. f4 Bb5 37. Nf3 Ba4 38. Ne1 Bb3 39. Rc1 a2 40. Ra1 Rb1 41.
Rxb1 axb1=Q 42. Nf3 c3 43. Kf2 Qb2+ 44. Kg1 c2 45. Bb5+ Kd8 46. Kh2 c1=R 47.
Bd3 Rc3 48. Ne1 Qd2 49. Kh3 Qxe1 50. Bf5 Qxg3# 0-1

[Event "Sri Lanka Women's National B Chess Championship 20"]
[Site "SLIIT, Malabe"]
[Date "2015.06.20"]
[Round "3"]
[Board "7"]
[White "Tennakoonwela, Pamudie Sasankh"]
[Black "Rajapaksa, Miyuni Kavinya"]
[Result "0-1"]
[WhiteElo "1377"]
[BlackElo "1583"]
[PlyCount "90"]
[EventDate "2015.05.19"]
[EventRounds "10"]
[EventCountry "SRI"]

1. d4 d5 2. c4 dxc4 3. Nc3 e5 4. d5 Nf6 5. e4 b5 6. Bg5 Bc5 7. Qc2 a6 8. a4 b4
9. Nb1 b3 10. Qxc4 Bxf2+ 11. Ke2 Bxg1 12. Rxg1 Bg4+ 13. Ke1 Qd6 14. Be3 c6 15.
Nc3 cxd5 16. exd5 Nbd7 17. Qxb3 O-O 18. Bc4 Rab8 19. Qc2 Ra8 20. Rf1 Rfb8 21.
b3 Nb6 22. Bxb6 Qxb6 23. Qf2 Qb4 24. Rc1 Ne4 25. Qe3 Nd6 26. h3 Bh5 27. Qd3 Rc8
28. Bxa6 Bg6 29. Qd2 Rxa6 30. Rf3 Raa8 31. Re3 Ne4 32. Ke2 Nxd2 33. Kxd2 Qd4+
34. Ke2 Qb4 35. Kd2 Qxb3 36. g4 Qb2+ 37. Kd1 Rxa4 38. Rxe5 Rd4+ 39. Ke1 Qxc1+
40. Kf2 Qf4+ 41. Kg1 Qxe5 42. d6 Rd2 43. Kf1 Ra8 44. Nd1 Qe2+ 45. Kg1 Qxd1# 0-1

[Event "Sri Lanka Women's National B Chess Championship 20"]
[Site "SLIIT, Malabe"]
[Date "2015.06.20"]
[Round "3"]
[Board "8"]
[White "Balasuriya, Sajini Hasara"]
[Black "Sarathchandra, Gihansa M"]
[Result "1-0"]
[WhiteElo "1571"]
[BlackElo "1297"]
[PlyCount "101"]
[EventDate "2015.05.19"]
[EventRounds "10"]
[EventCountry "SRI"]

1. g3 d5 2. Bg2 c5 3. d3 Nc6 4. Nf3 Nf6 5. O-O Bf5 6. Nc3 e6 7. Re1 a6 8. a4 d4
9. e4 Bg4 10. Ne2 Bd6 11. Nd2 O-O 12. f4 e5 13. f5 g6 14. Rf1 gxf5 15. exf5 Ne7
16. Ne4 Nxe4 17. Bxe4 Qd7 18. f6 Ng6 19. Qd2 Kh8 20. Qh6 Rg8 21. Rf2 Qe6 22. c4
Bxe2 23. Rxe2 Qxf6 24. Rf2 Qe7 25. Bg5 Qf8 26. Bf6+ Rg7 27. Raf1 Be7 28. Bxg7+
Qxg7 29. Qxg7+ Kxg7 30. Rxf7+ Kg8 31. Bxg6 hxg6 32. Rxe7 Rb8 33. Rff7 Kh8 34.
Rxb7 Rc8 35. Rh7+ Kg8 36. Rbg7+ Kf8 37. Rh8+ Kxg7 38. Rxc8 a5 39. Rxc5 g5 40.
Rxe5 Kf6 41. Rd5 Kg6 42. c5 Kf6 43. c6 Ke6 44. Rd7 g4 45. b3 Kf6 46. c7 Ke6 47.
c8=Q Kf6 48. Qe8 Kf5 49. Rf7+ Kg5 50. Qg8+ Kh6 51. Rh7# 1-0

[Event "Sri Lanka Women's National B Chess Championship 20"]
[Site "SLIIT, Malabe"]
[Date "2015.06.20"]
[Round "3"]
[Board "9"]
[White "Thuduwage, Yasasirini Pabasara"]
[Black "Peiris, H Pevinya"]
[Result "1/2-1/2"]
[WhiteElo "1373"]
[BlackElo "1563"]
[PlyCount "40"]
[EventDate "2015.05.19"]
[EventRounds "10"]
[EventCountry "SRI"]

1. d4 d5 2. c4 e6 3. Nc3 Nf6 4. Nf3 c6 5. Bg5 Nbd7 6. e3 Bb4 7. Qc2 Qa5 8. Nd2
dxc4 9. Bxf6 Nxf6 10. Nxc4 Bxc3+ 11. bxc3 Qd8 12. Bd3 g6 13. a4 Qe7 14. e4 O-O
15. O-O Rd8 16. e5 Ne8 17. Be4 Rb8 18. Rab1 c5 19. Rfd1 cxd4 20. cxd4 Bd7
 1/2-1/2

[Event "Sri Lanka Women's National B Chess Championship 20"]
[Site "SLIIT, Malabe"]
[Date "2015.06.20"]
[Round "3"]
[Board "10"]
[White "Gamage, Nethmi Nirasha"]
[Black "Sarathchandra, Thihansa Dewwan"]
[Result "1-0"]
[WhiteElo "1514"]
[BlackElo "1338"]
[PlyCount "77"]
[EventDate "2015.05.19"]
[EventRounds "10"]
[EventCountry "SRI"]

1. d4 Nf6 2. c4 c5 3. d5 b5 4. Qc2 d6 5. e4 b4 6. Nf3 Nbd7 7. Be2 g6 8. O-O Bg7
9. h3 O-O 10. Bf4 Nh5 11. Bh2 a5 12. Re1 Qb6 13. Nbd2 Bb7 14. Nh4 Nhf6 15. f4
Rfb8 16. Kh1 Bc8 17. Nhf3 a4 18. e5 dxe5 19. fxe5 Ne8 20. e6 fxe6 21. Bxb8 Rxb8
22. dxe6 Qxe6 23. Bd3 Qd6 24. Ne4 Qc6 25. Neg5 Qf6 26. Rab1 Ra8 27. Re6 Qf8 28.
Be4 Ra5 29. Bd5 Kh8 30. Qe2 Bf6 31. Re3 Nd6 32. Ne6 Qh6 33. Ne5 Bxe5 34. Rxe5
Nf5 35. Qe1 Nxe5 36. Qxe5+ Ng7 37. Rf1 Bxe6 38. Rf8+ Bg8 39. Rxg8# 1-0

[Event "Sri Lanka Women's National B Chess Championship 20"]
[Site "SLIIT, Malabe"]
[Date "2015.06.20"]
[Round "3"]
[Board "11"]
[White "Waduge, T S H A"]
[Black "Nonis, P A R R"]
[Result "0-1"]
[WhiteElo "1208"]
[BlackElo "1488"]
[PlyCount "122"]
[EventDate "2015.05.19"]
[EventRounds "10"]
[EventCountry "SRI"]

1. d4 d5 2. c4 c6 3. cxd5 cxd5 4. Nc3 Nc6 5. Nf3 Nf6 6. Bf4 Bf5 7. e3 a6 8. a3
e6 9. Bd3 Bxd3 10. Qxd3 Bd6 11. Bxd6 Qxd6 12. h3 Rc8 13. O-O O-O 14. Rac1 Rfd8
15. Rfd1 h6 16. Na4 Nd7 17. Nd2 b5 18. Nc5 Nce5 19. Qc3 Nxc5 20. dxc5 d4 21.
exd4 Qxd4 22. Qxd4 Rxd4 23. b4 Rcd8 24. c6 Rc8 25. c7 Rd7 26. Nb3 Rxd1+ 27.
Rxd1 Rxc7 28. Rd8+ Kh7 29. Nc5 Ra7 30. Rd6 Nc4 31. Rxa6 Rxa6 32. Nxa6 Nxa3 33.
Nc7 Kg8 34. Kf1 Kf8 35. Ke2 Ke7 36. Kd3 Kd7 37. Na6 Kd6 38. g3 Nc4 39. Kc3 Ne5
40. Nc5 Nc6 41. Nb7+ Kc7 42. Nc5 Ne7 43. Na6+ Kb7 44. Nc5+ Kc6 45. Kd4 Nd5 46.
Nd3 f6 47. f4 Kd6 48. Ke4 Nc3+ 49. Ke3 Kd5 50. Nb2 Na4 51. Nxa4 bxa4 52. Kd3 a3
53. Kc3 a2 54. Kb2 Kc4 55. Kxa2 Kxb4 56. Kb2 Kc4 57. Kc2 Kd4 58. Kd2 e5 59.
fxe5 fxe5 60. h4 h5 61. Ke2 Ke4 0-1

[Event "Sri Lanka Women's National B Chess Championship 20"]
[Site "SLIIT, Malabe"]
[Date "2015.06.20"]
[Round "3"]
[Board "12"]
[White "Mayuraji, L M Dinya"]
[Black "Gunawardana, I M T M"]
[Result "0-1"]
[WhiteElo "1137"]
[BlackElo "1466"]
[PlyCount "106"]
[EventDate "2015.05.19"]
[EventRounds "10"]
[EventCountry "SRI"]

1. e4 e5 2. Nf3 Nc6 3. Bb5 a6 4. Ba4 Nf6 5. O-O Nxe4 6. Re1 Nc5 7. Bxc6 bxc6 8.
Rxe5+ Be7 9. d4 Ne6 10. d5 cxd5 11. Qxd5 c6 12. Qb3 O-O 13. Nbd2 d6 14. Re1 Bd7
15. Ne4 d5 16. Ng3 Rb8 17. Qd3 Nc5 18. Qd4 Ne6 19. Qc3 Bf6 20. Qd3 Nc5 21. Qd2
Bg4 22. Qf4 Bxf3 23. Qxf3 Re8 24. Bf4 Rxb2 25. Nh5 Ne4 26. Rad1 h6 27. h3 Kf8
28. Ng3 Qe7 29. Nf5 Qa7 30. Re2 Rb7 31. Rde1 Rd7 32. Qa3+ Be7 33. Qf3 Bf6 34.
Qa3+ Kg8 35. Qf3 Kf8 36. Qa3+ Kg8 37. Kh1 Nxf2+ 38. Kh2 Rxe2 39. Rxe2 Ne4 40.
Be3 Qc7+ 41. g3 Be5 42. Rg2 Kh7 43. Qc1 g6 44. Nxh6 Nxg3 45. Kg1 d4 46. Bf2
Ne2+ 47. Kf1 Nxc1 48. Ng4 d3 49. cxd3 Rxd3 50. Nxe5 Qxe5 51. Kg1 Rd1+ 52. Be1
Rxe1+ 53. Kf2 Qe3# 0-1

[Event "Sri Lanka Women's National B Chess Championship 20"]
[Site "SLIIT, Malabe"]
[Date "2015.06.20"]
[Round "3"]
[Board "14"]
[White "Pasqual, Anuki"]
[Black "Tharuki, A V G Irushi"]
[Result "1-0"]
[WhiteElo "1423"]
[BlackElo "1192"]
[PlyCount "138"]
[EventDate "2015.05.19"]
[EventRounds "10"]
[EventCountry "SRI"]

1. e4 e6 2. d3 d5 3. Nd2 c5 4. Ngf3 Nc6 5. g3 Nf6 6. Bg2 Be7 7. O-O O-O 8. Re1
h6 9. h4 Re8 10. e5 Nd7 11. Nf1 Qc7 12. Qe2 b6 13. N1h2 Bb7 14. Ng4 Rac8 15.
Bf4 Bf8 16. h5 Ne7 17. Nh4 Nc6 18. Nh2 Nd4 19. Qd2 Kh7 20. c3 Nc6 21. N2f3 Rcd8
22. g4 Ne7 23. g5 Qc8 24. Bh3 Nb8 25. Kh2 d4 26. c4 Bxf3 27. Nxf3 Nf5 28. Rg1
g6 29. Bxf5 exf5 30. gxh6 Rd7 31. Ng5+ Kh8 32. hxg6 fxg6 33. e6 Rb7 34. Be5+
Kg8 35. Nf7 Qxe6 36. h7+ Kxf7 37. h8=Q Ke7 38. Qf6+ Qxf6 39. Bxf6+ Kxf6 40.
Qg5+ Ke6 41. Qxg6+ Kd7 42. Qf7+ Be7 43. Qxf5+ Kd8 44. Rae1 Bd6+ 45. Kg2 Rg7+
46. Kf1 Rxg1+ 47. Kxg1 Rxe1+ 48. Kg2 Re5 49. Qf6+ Kc7 50. Qf7+ Nd7 51. Qg8 Nb8
52. Kf1 Kd7 53. f4 Rf5 54. Qh7+ Kd8 55. Qxf5 Nc6 56. Qd5 Kc7 57. f5 Ne7 58. Qe6
Nc6 59. a3 Nd8 60. Qd5 Be7 61. Qe5+ Kd7 62. f6 Bd6 63. Qf5+ Kc7 64. f7 Bf8 65.
Qe5+ Bd6 66. Qe8 Nxf7 67. Qxf7+ Kb8 68. Qe8+ Kb7 69. Qd7+ Bc7 1-0

[Event "Sri Lanka Women's National B Chess Championship 20"]
[Site "SLIIT, Malabe"]
[Date "2015.06.20"]
[Round "3"]
[Board "15"]
[White "Askey, Roshell Nathasha"]
[Black "Dissanayake, R K Janani"]
[Result "1-0"]
[WhiteElo "1637"]
[BlackElo "1224"]
[PlyCount "81"]
[EventDate "2015.05.19"]
[EventRounds "10"]
[EventCountry "SRI"]

1. e4 c6 2. d4 d5 3. exd5 cxd5 4. c4 Nf6 5. Nc3 e6 6. c5 Nc6 7. Bf4 Bd7 8. Nf3
Be7 9. Qb3 Na5 10. Qc2 Nc6 11. a3 O-O 12. Bd3 h6 13. b4 a6 14. Qd2 g5 15. Be5
Ng4 16. h3 Ngxe5 17. dxe5 f6 18. exf6 Bxf6 19. Rd1 Ne5 20. Nxe5 Bxe5 21. O-O
Qf6 22. Ne2 Bc6 23. Bc2 d4 24. Qd3 Qg7 25. Bb3 Rfe8 26. Ng3 Bxg3 27. Qxg3 Kh8
28. Qg4 Bd5 29. Bxd5 exd5 30. Qxd4 Qxd4 31. Rxd4 Rad8 32. Rfd1 Re5 33. h4 Kg7
34. hxg5 hxg5 35. Rc1 Ra8 36. g3 Rc8 37. Kg2 Kf6 38. Rcd1 Rd8 39. Rh1 Rd7 40.
Rh6+ Kf5 41. g4# 1-0

[Event "Sri Lanka Women's National B Chess Championship 20"]
[Site "SLIIT, Malabe"]
[Date "2015.06.20"]
[Round "4"]
[Board "1"]
[White "De Silva, Chamindra"]
[Black "Premanath, Dinushki"]
[Result "1/2-1/2"]
[WhiteElo "1509"]
[BlackElo "1854"]
[PlyCount "88"]
[EventDate "2015.05.19"]
[EventRounds "10"]
[EventCountry "SRI"]

1. e4 c5 2. Nf3 Nc6 3. d4 cxd4 4. Nxd4 g6 5. Nc3 Bg7 6. Be3 Nf6 7. Bc4 O-O 8.
f3 Qb6 9. Bb3 Ng4 10. fxg4 Bxd4 11. Bxd4 Qxd4 12. Qxd4 Nxd4 13. Nd5 Kg7 14.
O-O-O Nxb3+ 15. axb3 e6 16. Nc7 Rb8 17. Nb5 d5 18. exd5 exd5 19. Rxd5 Bxg4 20.
Re1 a6 21. Rd4 Be6 22. Nc3 Rbc8 23. g3 Rc6 24. Re2 Rfc8 25. Rdd2 Rc5 26. Kb1
Rf5 27. Rf2 Rxf2 28. Rxf2 Rd8 29. Kc1 f5 30. Rd2 Rxd2 31. Kxd2 Kf6 32. Ke3 Ke5
33. b4 b5 34. Ne2 Bc4 35. Nc3 g5 36. h3 h5 37. Nd1 Be6 38. Nf2 f4+ 39. gxf4+
gxf4+ 40. Kf3 Bd5+ 41. Ke2 Kf5 42. h4 Bc4+ 43. Kf3 Bd5+ 44. Ke2 Bc4+ 1/2-1/2